[Event "Liptovsky Jan Slovak op U2200"]
[Site "Liptovsky Jan"]
[Date "2021.06.19"]
[Round "5"]
[White "Segeda, Milos"]
[Black "Gay, Lukas"]
[Result "0-1"]
[WhiteElo "1324"]
[BlackElo "1215"]
[PlyCount "77"]
[EventDate "2021.06.17"]
[EventType "swiss"]
[EventRounds "7"]
[EventCountry "SVK"]
[SourceTitle "CBM 203 Extra"]
[Source "ChessBase"]
[SourceDate "2021.09.30"]
[SourceVersion "1"]
[SourceVersionDate "2021.09.30"]
[SourceQuality "1"]

1. e4 d5 2. e5 c5 3. Bb5+ Bd7 4. Bxd7+ Nxd7 5. Nf3 g6 6. 0-0 Bg7 7. Re1 e6 8. d4 c4 9. Nc3 Ne7 10. Bg5 Qb6 11. Rb1 h6 12. Bxe7 Kxe7 13. h3 h5 14. Nh4 Bh6 15. g3 Rag8 16. b3 Qa5 17. b4 Qd8 18. Nb5 g5 19. Ng2 g4 20. h4 Qf8 21. Nxa7 f6 22. Nb5 fxe5 23. dxe5 Bg7 24. Nf4 Bxe5 25. Qe2 Qf6 26. Rbd1 Bxf4 27. Rxd5 Ne5 28. Nc7 Nf3+ 29. Kg2 Nxe1+ 30. Qxe1 Bxc7 31. Qe3 Qf3+ 32. Qxf3 gxf3+ 33. Kxf3 exd5 34. Ke3 Bb6+ 35. Ke2 Rf8 36. f4 Rhg8 37. Kf3 d4 38. a4 d3 39. a5 0-1

[Event "SVK-ch op"]
[Site "Ruzomberok"]
[Date "2019.07.06"]
[Round "8"]
[White "Segeda, Milos"]
[Black "Horbal, Michal"]
[Result "0-1"]
[WhiteElo "1446"]
[BlackElo "1121"]
[PlyCount "80"]
[EventDate "2019.06.29"]
[EventType "swiss"]
[EventRounds "9"]
[EventCountry "SVK"]
[SourceTitle "CBM 191 Extra"]
[Source "ChessBase"]
[SourceDate "2019.09.30"]
[SourceVersion "1"]
[SourceVersionDate "2019.09.30"]
[SourceQuality "1"]

1. e4 e5 2. Nf3 Nf6 3. Bd3 Nc6 4. a3 a5 5. 0-0 Bc5 6. Nc3 0-0 7. Re1 d6 8. Nd5 Ng4 9. Ne3 Nxe3 10. dxe3 f5 11. Bc4+ Kh8 12. Bd5 Ne7 13. Ng5 Nxd5 14. Nxh7 Kxh7 15. Qh5+ Kg8 16. exd5 Bd7 17. Bd2 Qf6 18. b4 axb4 19. Bxb4 Bxb4 20. axb4 Rxa1 21. Rxa1 Qf7 22. Qxf7+ Kxf7 23. c4 Kg6 24. Ra7 Bc8 25. b5 f4 26. e4 f3 27. g3 c6 28. Ra8 cxd5 29. cxd5 b6 30. g4 Kf7 31. h3 Bd7 32. Ra7 Ke7 33. Kh2 Rf4 34. Kg3 Rxe4 35. Kxf3 Rd4 36. h4 Rxd5 37. g5 Rd3+ 38. Ke4 Rh3 39. Rb7 Rxh4+ 40. Kd5 Rd4# 0-1

[Event "Bratislava Slovan op"]
[Site "Bratislava"]
[Date "2019.05.04"]
[Round "4"]
[White "Juhaniak, Lubomir"]
[Black "Segeda, Milos"]
[Result "1-0"]
[WhiteElo "1769"]
[BlackElo "1459"]
[PlyCount "104"]
[EventDate "2019.05.01"]
[EventType "swiss"]
[EventRounds "9"]
[EventCountry "SVK"]
[SourceTitle "CBM 190 Extra"]
[Source "ChessBase"]
[SourceDate "2019.07.15"]
[SourceVersion "1"]
[SourceVersionDate "2019.07.15"]
[SourceQuality "1"]

1. d4 d5 2. c4 e6 3. Nc3 Bb4 4. Qc2 h6 5. a3 Bxc3+ 6. Qxc3 Nf6 7. e3 0-0 8. Nf3 Ne4 9. Qc2 Nc6 10. Bd3 f5 11. 0-0 a6 12. b4 b6 13. cxd5 Ne7 14. dxe6 Bb7 15. Bb2 Bd5 16. Bc4 Rc8 17. Bxa6 Ra8 18. Bc4 c6 19. Bxd5 Qxd5 20. Rac1 Rac8 21. Qc4 Qd6 22. g3 Kh7 23. Qe2 Nd5 24. Ne5 Qxe6 25. Rc2 Ng5 26. f4 Ne4 27. Rfc1 c5 28. dxc5 b5 29. Bd4 Nc7 30. c6 Nf6 31. Bc5 Rfd8 32. Bb6 Nfd5 33. Bxc7 Nxc7 34. Rd2 Nd5 35. c7 Rd6 36. Rdc2 Ra6 37. Rc6 Rxc6 38. Rxc6 Qe8 39. e4 Nxc7 40. exf5 Nd5 41. Qc2 Rxc6 42. Qxc6 Qxc6 43. Nxc6 Ne3 44. Nd4 Kg8 45. Kf2 Nc4 46. Nxb5 Kf7 47. Kf3 Ke7 48. Ke4 Kd7 49. a4 Kc6 50. Nd4+ Kd7 51. Ne6 Nd6+ 52. Kd5 Ke7 1-0

[Event "Bratislava Slovan op"]
[Site "Bratislava"]
[Date "2019.05.04"]
[Round "5"]
[White "Pirvulescu, Adrian"]
[Black "Segeda, Milos"]
[Result "1-0"]
[WhiteElo "1846"]
[BlackElo "1459"]
[PlyCount "68"]
[EventDate "2019.05.01"]
[EventType "swiss"]
[EventRounds "9"]
[EventCountry "SVK"]
[SourceTitle "CBM 190 Extra"]
[Source "ChessBase"]
[SourceDate "2019.07.15"]
[SourceVersion "1"]
[SourceVersionDate "2019.07.15"]
[SourceQuality "1"]

1. e4 e5 2. Nf3 d6 3. d4 Bg4 4. dxe5 a6 5. exd6 Bxd6 6. Bc4 Nf6 7. 0-0 Nxe4 8. Qd5 0-0 9. Qxe4 Bxf3 10. Qxf3 Nc6 11. Bd3 Ne5 12. Qh3 Nxd3 13. Qxd3 h6 14. Nc3 Qh4 15. g3 Qh3 16. Ne4 Be5 17. Re1 Rad8 18. Qf1 Qg4 19. c3 f5 20. Nd2 f4 21. Rxe5 fxg3 22. hxg3 b5 23. Qe2 Qd7 24. Re7 Qh3 25. Qe6+ Qxe6 26. Rxe6 Rf5 27. Rxa6 Rdf8 28. f4 Re8 29. Nf3 Re7 30. Bd2 g5 31. Re1 Rxe1+ 32. Nxe1 g4 33. Rc6 Rd5 34. Be3 Rd6 1-0

[Event "Bratislava Slovan op"]
[Site "Bratislava"]
[Date "2019.05.02"]
[Round "2"]
[White "Hudcovic, Branislav"]
[Black "Segeda, Milos"]
[Result "1-0"]
[WhiteElo "1690"]
[BlackElo "1459"]
[PlyCount "47"]
[EventDate "2019.05.01"]
[EventType "swiss"]
[EventRounds "9"]
[EventCountry "SVK"]
[SourceTitle "CBM 190 Extra"]
[Source "ChessBase"]
[SourceDate "2019.07.15"]
[SourceVersion "1"]
[SourceVersionDate "2019.07.15"]
[SourceQuality "1"]

1. e4 e5 2. Nf3 d6 3. d4 Nc6 4. Bb5 Bg4 5. dxe5 Bxf3 6. Bxc6+ bxc6 7. Qxf3 dxe5 8. 0-0 h6 9. Qc3 Qf6 10. Be3 Bd6 11. Qxc6+ Ke7 12. Qxa8 Kd7 13. c4 g5 14. Nc3 Ne7 15. Qxa7 Nc6 16. Qa4 Qg6 17. Rad1 Rc8 18. c5 f5 19. exf5 Qxf5 20. Ne4 Rb8 21. cxd6 Rb4 22. Nc5+ Kc8 23. Qxc6 Rb6 24. Qxc7# 1-0